000 005190000a22001810004500
003 MACL
005 20160421123955.0
008 160421b xxu||||| |||| 00| 0 eng d
040 _aMACL
_cMACL
041 _aHindi
082 _a780
100 _aमाथुर रामलाल
_953049
245 _a50 देश भक्ति गीत
260 _bक्‍लासिक कलेक्‍शन्‍स
_c2004
_aजयपुर
350 _a150
650 _aMusic
_953050
942 _cHIN
_k780
_2ddc
999 _c18308
_d18308